Catalog

Record Details

Catalog Search



Available copies

  • 3 of 3 copies available at LARL/NWRL Consortium. (Show)
  • 1 of 1 copy available at Northwest Regional Library.

Current holds

0 current holds with 3 total copies.

Show Only Available Copies
Location Call Number / Copy Notes Barcode Shelving Location Status Due Date
Grygla LINK Site CAI (Text) 35500005298334 Main Available -

Record details

  • ISBN: 9780312619817 (hardcover)
  • ISBN: 0312619812 (hardcover)
  • Physical Description: 358 pages ; 25 cm
  • Edition: First edition.
  • Publisher: New York : Minotaur Books, 2013.

Content descriptions

Summary, etc.:
Detective Archie Sheridan knows time is running ... Read More
Subject: Sheridan, Archie (Fictitious character) > Fiction.
Ward, Susan (Fictitious character) > Fiction.
Women journalists > Fiction.
Murder > Investigation > Fiction.
Genre: Mystery fiction
LDR 01821cam a2200433 i 4500
001151250
003LARL_NWRL_CONSORTIUM
00520130819143240.0
008130405s2013 nyu 000 1 eng
010 . ‡a2013009825
020 . ‡a9780312619817 (hardcover)
020 . ‡a0312619812 (hardcover)
020 . ‡z9781250022387 (e-book)
035 . ‡a(OCoLC)811597826
040 . ‡aDLC ‡beng ‡erda ‡cDLC ‡dIG# ‡dBTCTA ‡dYDXCP ‡dBDX ‡dOCLCO ‡dUPZ ‡dABG
042 . ‡apcc
05000. ‡aPS3603.A385 ‡bL38 2013
08200. ‡a813/.6 ‡223
1001 . ‡aCain, Chelsea. ‡0(LARL_NWRL_CONSORTIUM)187465
24510. ‡aLet me go / ‡cChelsea Cain.
250 . ‡aFirst edition.
260 . ‡aNew York : ‡bMinotaur Books, ‡c2013.
300 . ‡a358 pages ; ‡c25 cm
336 . ‡atext ‡2rdacontent
337 . ‡aunmediated ‡2rdamedia
338 . ‡avolume ‡2rdacarrier
520 . ‡aDetective Archie Sheridan knows time is running out. Halloween is near, escaped serial killer Gretchen Lowell is on the loose, a DEA agent has been murdered, and journalist Susan Ward wants a favor. Will his only chance be to give his nemesis what she wants?
650 0. ‡aSheridan, Archie (Fictitious character) ‡vFiction.
650 0. ‡aWard, Susan (Fictitious character) ‡vFiction.
650 0. ‡aWomen journalists ‡vFiction. ‡0(LARL_NWRL_CONSORTIUM)167907
650 0. ‡aMurder ‡xInvestigation ‡vFiction. ‡0(LARL_NWRL_CONSORTIUM)166203
655 7. ‡aMystery fiction ‡2gsafd
948 . ‡hHELD BY LAL - 490 OTHER HOLDINGS
994 . ‡aZ0 ‡bLAL
901 . ‡a151250 ‡bOCLC ‡c151250 ‡tbiblio

Additional Resources